000 00590nam a22001937a 4500
999 _c14993
_d14993
003 AR-CdUCM
008 190425b ||||| |||| 00| 0 spa d
020 _a978-84-662-2978.4
040 _aMUNICIPALIDAD PROVINCIAL DEL CUSCO
_cBIBLIOTECA MUNICIPAL DEL CUSCO
082 _aPI / 808.08 /
_bM33
100 _aMañeru, Maria
_933973
245 _aCuéntame un cuento /
260 _aMadrid :
_bLibsa,
_c2017.
300 _a64 páginas ;
_bIlustraciones,
_c30 cm.
650 _aLiteratura infantil
_9588
650 _aCuento infantil
_93319
942 _2ddc
_cLIBROS
945 _aacv
_d2019-04-25